000 00643nam a2200217Ia 4500
001 15474
003 GE_BSU
008 181216s||||||||xx |||||||||||||| ||und||
040 _cGE_BSU
080 _a821.353.1-32
100 _aჩხაიძე,ალექსანდრე
245 _aზღვისპირა ქალაქში
245 _bმოთხრობები
245 _cრედ.ა.შონია
260 _aბათუმი
260 _bსახელგამი
260 _c1955
300 _a264გვ.15სმ.
653 _aზღვისპირა ქალაქში
942 _cBK
999 _c48575
_d48575